书目信息 |
| 题名: |
宠物饲养学
|
|
| 作者: | 吕秋凤 主编 | |
| 分册: | ||
| 出版信息: | 北京 北京师范大学出版社 2012 |
|
| 页数: | 240页 | |
| 开本: | 23cm | |
| 丛书名: | ||
| 单 册: | ||
| 中图分类: | S865.3 | |
| 科图分类: | ||
| 主题词: | 宠物--饲养管理 | |
| 电子资源: | ||
| ISBN: | 978-7-303-14770-0 | |
| 000 | 00905nam0 2200241 450 | |
| 001 | 012015000608 | |
| 005 | 20150914164119.18 | |
| 010 | @a978-7-303-14770-0@dCNY33.00 | |
| 100 | @a20120930d2012 em y0chiy50 ea | |
| 101 | 0 | @achi |
| 102 | @aCN@b110000 | |
| 105 | @aa z 000yy | |
| 106 | @ar | |
| 200 | 1 | @a宠物饲养学@Achong wu si yang xue@f吕秋凤主编 |
| 210 | @a北京@c北京师范大学出版社@d2012 | |
| 215 | @a240页@c图@d23cm | |
| 300 | @a辽宁省教育厅高校学术专著出版基金资助 | |
| 330 | @a本书首先研讨了宠物的生活习性和宠物饲养发展的现状和趋势,总结交流了几年来在宠物饲养上的经验和问题。书中分五章讲述了犬、猫、鸟、龟、鱼饲养的新技术,每章又从宠物的品质、生活习性、营养需要、饲养管理、繁殖、常见疾病诊断及主要防治措施等方面进行了论述。 | |
| 606 | 0 | @a宠物@x饲养管理 |
| 690 | @aS865.3@v5 | |
| 701 | 0 | @a吕秋凤@Alv qiu feng@4主编 |
| 801 | 0 | @aCN@b碧洲教育@c20150718 |
| 905 | @a10447@f4@dS865.3@e122 | |
| 宠物饲养学/吕秋凤主编.-北京:北京师范大学出版社,2012 |
| 240页:图;23cm |
| 辽宁省教育厅高校学术专著出版基金资助 |
| ISBN 978-7-303-14770-0:CNY33.00 |
| 本书首先研讨了宠物的生活习性和宠物饲养发展的现状和趋势,总结交流了几年来在宠物饲养上的经验和问题。书中分五章讲述了犬、猫、鸟、龟、鱼饲养的新技术,每章又从宠物的品质、生活习性、营养需要、饲养管理、繁殖、常见疾病诊断及主要防治措施等方面进行了论述。 |
| ● |
| 相关链接 |
|
|
|
|
正题名:宠物饲养学
索取号:S865.3/122
 
预约/预借
| 序号 | 登录号 | 条形码 | 馆藏地/架位号 | 状态 | 备注 |
| 1 | 0848727 | 208487270 | 第二样本阅览室/ [索取号:S865.3/122] | 在馆 | |
| 2 | 0848728 | 208487289 | 第三借阅区/ [索取号:S865.3/122] | 在馆 | |
| 3 | 0848729 | 208487298 | 第三借阅区/ [索取号:S865.3/122] | 在馆 | |
| 4 | 0848730 | 208487305 | 密集书库-生命科学系/ [索取号:S865.3/122] | 在馆 |